Civilization 6 - Statistics

General Stats
  • This quiz has been taken 101 times
  • The average score is 118 of 385
Answer Stats
Group Wonders % Correct
g3 Abraham Lincoln
100%
g4 America
70%
g4 Russia
68%
g4 China
66%
g1 Eiffel Tower
66%
g4 England
66%
g4 Germany
66%
g4 India
66%
g4 Portugal
66%
g1 Stonehenge
66%
g4 Brazil
64%
g6 Campus
64%
g4 Japan
64%
g4 Australia
61%
g4 Aztec
61%
g4 Canada
61%
g4 France
61%
g4 Greece
61%
g4 Poland
61%
g1 Pyramids
61%
g4 Rome
61%
g4 Dutch
59%
g4 Inca
59%
g4 Indonesia
59%
g4 Korea
59%
g4 Spain
59%
g4 Egypt
57%
g3 Gandhi
57%
g4 Mali
57%
g4 Mongolia
57%
g4 Norway
57%
g3 Teddy Roosevelt
57%
g3 Cleopatra
55%
g8 Desert
55%
g4 Hungary
55%
g3 Peter
55%
g8 Tundra
55%
g4 Zulu
55%
g3 Alexander
52%
g4 Arabia
52%
g4 Macedon
52%
g8 Plains
52%
g4 Sweden
52%
b1 | g4 Babylon
50%
g1 Colossus
50%
g1 Hanging Gardens
50%
g4 Kongo
50%
g8 Ocean
50%
g4 Persia
50%
g3 Victoria
50%
g4 Byzantine
48%
g4 Ethiopia
48%
g3 Frederick Barbarossa
48%
g1 Great Bath
48%
g3 Julius Caesar
48%
g5 Mexico City
48%
g8 Mountains
48%
g3 Philip II
48%
g4 Scotland
48%
g4 Vietnam
48%
g1 Big Ben
45%
g3 Elizabeth I
45%
g3 Gilgamesh
45%
g1 Golden Gate Bridge
45%
g3 Mansa Musa
45%
g4 Maori
45%
g4 Maya
45%
g4 Ottoman
45%
g3 Pedro II
45%
g1 Statue of Liberty
45%
g4 Sumeria
45%
g3 Trajan
45%
g5 Vatican City
45%
g3 Catherine de Medici
43%
g1 Colosseum
43%
g6 Commercial Hub
43%
g4 Cree
43%
g3 Cyrus
43%
g6 Encampment
43%
g3 Genghis Khan
43%
g4 Georgia
43%
g3 Gorgo
43%
g8 Grassland
43%
g3 Harald Hardrada
43%
g6 Harbor
43%
g6 Holy Site
43%
g3 Joao III
43%
g3 John Curtin
43%
g7 Mount Everest
43%
g4 Scythia
43%
g3 Wilhelmina
43%
g6 Industrial Zone
41%
g3 Jadwiga
41%
g4 Khmer
41%
g3 Kublai Khan
41%
g4 Mapuche
41%
g3 Montezuma
41%
g3 Pericles
41%
g8 River
41%
g3 Shaka
41%
g3 Simon Bolivar
41%
g5 Singapore
41%
g3 Suleiman
41%
g3 Tomyris
41%
g1 Alhambra
39%
g3 Basil II
39%
g1 Broadway
39%
g3 Chandragupta
39%
g8 Cliffs
39%
g8 Coast
39%
g6 Dam
39%
g3 Eleanor of Aquitaine
39%
g4 Gaul
39%
g4 Gran Colombia
39%
g1 Great Lighthouse
39%
g3 Kristina
39%
g8 Lake
39%
g1 Machu Picchu
39%
g1 Oracle
39%
g3 Pachacuti
39%
g1 Petra
39%
g3 Poundmaker
39%
g3 Qin Shi Huang
39%
g8 Snow
39%
g1 Temple of Artemis
39%
g6 Aqueduct
36%
g5 Buenos Aires
36%
g1 Etemenanki
36%
g1 Forbidden City
36%
g1 Great Library
36%
g3 Lady Six Sky
36%
g3 Ludwig II
36%
g5 Mogadishu
36%
g3 Ramses II
36%
g3 Saladin
36%
g5 Venice
36%
g3 Wilfrid Laurier
36%
g5 Auckland
34%
g1 Biosphere
34%
g5 Geneva
34%
g3 Gitarja
34%
g3 Hojo Tokimune
34%
g3 Lautaro
34%
g1 Panama Canal
34%
g8 Rainforest
34%
g1 Ruhr Valley
34%
g1 Terracotta Army
34%
g6 Theater Square
34%
g3 Yongle
34%
g1 Amundsen-Scott Research Station
32%
g1 Bolshoi Theatre
32%
g8 Desert Hills
32%
g3 Dido
32%
g6 Diplomatic Quarter
32%
g6 Entertainment Complex
32%
g3 Hammurabi
32%
g5 Hong Kong
32%
g2 Hoplite
32%
g8 Ice
32%
g5 Johannesburg
32%
g3 Kupe
32%
g8 Marsh
32%
g3 Matthias Corvinus
32%
g3 Menelik II
32%
g3 Mvemba a Nzinga
32%
g6 Neighborhood
32%
g1 Oxford University
32%
g6 Preserve
32%
g2 Redcoat
32%
g2 Samurai
32%
g3 Tamar
32%
g8 Woods
32%
g6 Aerodrome
30%
g3 Amanitore
30%
g3 Ambiorix
30%
g6 Bath
30%
g3 Ba Trieu
30%
g5 Brussels
30%
g5 Cardiff
30%
g1 Cristo Redentor
30%
g8 Floodplains
30%
g8 Grassland Hills
30%
g1 Hagia Sophia
30%
g1 Hermitage
30%
g5 Jerusalem
30%
g1 Mausoleum at Halicarnassus
30%
g7 Mount Kilimanjaro
30%
g4 Phoenicia
30%
g8 Plains Hills
30%
g1 Potala Palace
30%
g3 Robert the Bruce
30%
g2 Sea Dog
30%
g3 Sejong
30%
g3 Seondeok
30%
g6 Spaceport
30%
g1 Statue of Zeus
30%
g1 St. Basil's Cathedral
30%
g1 Sydney Opera House
30%
g1 Taj Mahal
30%
g3 Theodora
30%
g3 Tokugawa
30%
g8 Tundra Hills
30%
g1 Venetian Arsenal
30%
g5 Vilnius
30%
g5 Yerevan
30%
g1 Apadana
27%
g5 Armagh
27%
g7 Bermuda Triangle
27%
g6 Canal
27%
g6 City Center
27%
g7 Cliffs of Dover
27%
g2 Cossack
27%
g7 Great Barrier Reef
27%
g1 Great Zimbabwe
27%
g2 Immortal
27%
g7 Matterhorn
27%
g3 Nader Shah
27%
g5 Nan Madol
27%
g4 Nubia
27%
g3 Nzinga Mbande
27%
g2 P-51
27%
g8 Snow Hills
27%
g5 Valletta
27%
g3 Wu Zetian
27%
g5 Zanzibar
27%
g5 Antananarivo
25%
g6 Cothon
25%
g2 Eagle Warrior
25%
g7 Giant's Causeway
25%
g6 Government Plaza
25%
g6 Hansa
25%
g6 Lavra
25%
g2 Legion
25%
g6 Observatory
25%
g5 Rapa Nui
25%
g6 Royal Navy Dockyard
25%
g3 Sundiata Keita
25%
g2 U-boat
25%
g7 Uluru
25%
g1 University of Sankore
25%
g8 Volcano
25%
g6 Water Park
25%
g2 Winged Hussar
25%
g1 Angkor Wat
23%
g2 Carolean
23%
b1 Carthage
23%
g1 Chichen Itza
23%
g1 Estadio do Maracana
23%
g7 Galapagos Islands
23%
g2 Highlander
23%
g2 Impi
23%
g3 Jayavarman VII
23%
g5 La Venta
23%
g1 Mahabodhi Temple
23%
g5 Mitla
23%
g8 Oasis
23%
g8 Reef
23%
g5 Samarkand
23%
g6 Acropolis
20%
g5 Bandar Brunei
20%
g2 Bireme
20%
g2 Black Army
20%
g5 Bologna
20%
g7 Chocolate Hills
20%
g2 Conquistador
20%
g2 Crouching Tiger
20%
g7 Dead Sea
20%
g5 Granada
20%
g7 Ha Long Bay
20%
g1 Huey Teocalli
20%
g1 Jebel Barkal
20%
g5 Kabul
20%
g1 Kilwa Kisiwani
20%
g5 Kumasi
20%
g5 Lahore
20%
g5 Mohenjo-Daro
20%
g5 Ngazargamu
20%
b1 Seoul
20%
g6 Seowon
20%
b1 Stockholm
20%
g2 Toa
20%
g2 War-cart
20%
g7 Yosemite
20%
g2 Berserker
18%
g6 Copacabana
18%
g7 Crater Lake
18%
g7 Delicate Arch
18%
g2 De Zeven Provincien
18%
g2 Digger
18%
g7 Eye of the Sahara
18%
g5 Fez
18%
g8 Geothermal Fissure
18%
g6 Hippodrome
18%
g2 Hwacha
18%
g2 Janissary
18%
g2 Keshig
18%
g1 Kotoku-in
18%
g6 Mbanza
18%
g1 Meenakshi Temple
18%
g1 Mont St. Michel
18%
g2 Mountie
18%
g5 Nazca
18%
g5 Preslav
18%
g6 Suguba
18%
b1 Toronto
18%
g1 Torre de Belem
18%
g8 Volcanic Soil
18%
g5 Cahokia
16%
g1 Casa de Contratacion
16%
g2 Dromon
16%
g2 Garde Imperiale
16%
g2 Hetairoi
16%
g5 Kandy
16%
g2 Mamluk
16%
g7 Mount Vesuvius
16%
g1 Orszaghaz
16%
g7 Paititi
16%
g2 Rough Rider
16%
g2 Saka Horse Archer
16%
g5 Akkad
14%
g5 Caguana
14%
g7 Fountain of Youth
14%
g5 Hattusa
14%
g2 Hypaspist
14%
g6 Ikanda
14%
b1 Lisbon
14%
g2 Llanero
14%
g2 Minas Geraes
14%
g7 Mount Roraima
14%
g5 Nalanda
14%
g2 Nau
14%
g6 Oppidum
14%
g7 Pamukkale
14%
g2 Pitati Archer
14%
g2 Sabum Kibittum
14%
g6 Street Carnival
14%
g2 Viking Longship
14%
g5 Ayutthaya
11%
g2 Barbary Corsair
11%
g2 Gaesatae
11%
g5 Hunza
11%
g2 Huszar
11%
b1 Jakarta
11%
g2 Jong
11%
g7 Lysefjord
11%
g5 Muscat
11%
g5 Taruga
11%
g6 Thanh
11%
g5 Anshan
9%
b1 Antioch
9%
g7 Eyjafjallajokull
9%
g7 Ik-Kil
9%
g2 Khevsur
9%
g2 Malon Raider
9%
g2 Mandekalu Cavalry
9%
g2 Maryannu Chariot Archer
9%
g2 Oromo Cavalry
9%
g7 Pantanal
9%
g7 Torres del Paine
9%
g7 Ubsunur Hollow
9%
g2 Varu
9%
g2 Voi Chien
9%
g5 Wolin
9%
b1 Amsterdam
7%
g5 Chinguetti
7%
b1 Cultist
7%
g2 Domrey
7%
g7 Lake Retba
7%
g2 Okihtcitaw
7%
b1 Questing Knight
7%
g7 Sahara el Beyda
7%
g2 Tagma
7%
g7 Tsingy de Bemaraha
7%
b1 Zombie
7%
g7 Gobustan
5%
g2 Hul'che
5%
g7 Mato Tipila
5%
g2 Ngao Mbeba
5%
b1 Palenque
5%
g7 Piopiotahi
5%
b1 Vampire
5%
g2 Warak'aq
5%
g7 Zhangye Danxia
5%
b1 Nihang
2%
No matching quizzes found
Score Distribution
Percent of People with Each Score
Percentile by Number Answered
Your Score History
You have not taken this quiz